000 00360nam a22001457a 4500
020 _a9789063692896
040 _c0
082 _a741.2
_bDIM
100 1 _aDi Mari,Anthony
_9121782
245 1 0 _aOperative Design:
_bA Catalog of Spatial Verbs/
260 _bBIS Publisher;
_c2012.
300 _a150p.:
_bill;
700 1 _aYoo,Nora
_9121783
942 _2ddc
_cBK
999 _c608533
_d608533